000 00700nam a22002297a 4500
003 UA-OsUOA
001 53818
007 ta
008 20151201b un ||||| |||| 00| 0 ukr d
090 _a243
_bО-88
942 _cBK
040 _aUA-OsUOA
_bukr
_cUA-OsUOA
_dUA-OsUOA
245 _aОтче наш
_bмолитовник для української молоді
300 _a238 с.
955 _a4
041 _aukr
080 _a243
260 _aТоронто
_bВ-во Отців Василіян
_c1954
650 7 _a2 Релігія. Теологія.
_2UDC
999 _c433936
_d433936